Normal view
MARC view
Entry Topical Term
001 - CONTROL NUMBER
- control field: 3787
003 - CONTROL NUMBER IDENTIFIER
- control field: ARRUPE
005 - DATE AND TIME OF LATEST TRANSACTION
- control field: 20131126111630.0
008 - FIXED-LENGTH DATA ELEMENTS
- fixed length control field: 131126|| aca||aabn | a|a d
040 ## - CATALOGING SOURCE
- Original cataloging agency: ARRUPE
- Transcribing agency: ARRUPE
150 ## - HEADING--TOPICAL TERM
- Topical term or geographic name as entry element: Cerebrovascular disease
- General subdivision: Patients
- Geographic subdivision: France
- General subdivision: Biography.
670 ## - SOURCE DATA FOUND
- Source citation: Work cat.: (ARRUPE)0: Bauby, Jean-Dominique, 1952-1997. 3785, The diving bell and the butterfly /, 1997.